000 00697nam a2200229 a 4500
005 20240910064327.0
008 061018s2005 mx r 000 0 spa d
020 _a9706640878 (Alianza)
020 _a9680106772 (SEP)
035 _aUPN01000147718
049 _aCG
050 4 _aLB1060
_bO2.2
100 1 _aO'Brien, Tim
245 1 0 _aAtención a la diversidad en la enseñanza y el aprendizaje /
_cTim O'Brien, Dennis Guiney.
260 _aMéxico :
_bSEP :
_bAlianza,
_c2005.
300 _a211 p. :
_bfigs.
440 0 _aBiblioteca para la actualización del maestro
650 4 _aAprendizaje
_92861
650 4 _aEnseñanza
_96215
700 1 _aGuiney, Dennis,
_ecoaut.
905 _aLibro
999 _c119861
_d119861